[Event "Bad Woerishofen op 25th"]
[Site "Bad Woerishofen"]
[Date "2009.03.13"]
[Round "9"]
[White "Fischer, Peter2"]
[Black "Schulze, Joachim"]
[Result "1/2-1/2"]
[WhiteElo "1878"]
[BlackElo "2016"]
[PlyCount "56"]
[EventDate "2009.03.05"]
[EventType "swiss"]
[EventRounds "9"]
[EventCountry "GER"]
[SourceTitle "CBM 129 Extra"]
[Source "ChessBase"]
[SourceDate "2009.05.05"]
[SourceVersion "2"]
[SourceVersionDate "2009.05.20"]
[SourceQuality "1"]

1. e4 c6 2. d4 d5 3. exd5 cxd5 4. Nf3 Nc6 5. c4 Nf6 6. Nc3 e6 7. Bg5 Be7 8. Rc1 0-0 9. cxd5 Nxd5 10. Bxe7 Ncxe7 11. g3 b6 12. Bg2 Ba6 13. Bf1 Bxf1 14. Kxf1 Rc8 15. Kg2 Nxc3 16. Rxc3 Nd5 17. Rxc8 Qxc8 18. Qc1 Qb7 19. Qd2 Rc8 20. Rc1 Rxc1 21. Qxc1 Nf6 22. Kg1 Nd7 23. Ne5 Nxe5 24. dxe5 Kf8 25. Qc3 Qd7 26. a3 Ke8 27. Kg2 Qd5+ 28. Qf3 Qd7 1/2-1/2

[Event "Bayern-chI Bank Hofmann 12th"]
[Site "Bad Wiessee"]
[Date "2008.11.01"]
[Round "1"]
[White "Edouard, Romain"]
[Black "Schulze, Joachim"]
[Result "1-0"]
[WhiteElo "2531"]
[BlackElo "2027"]
[PlyCount "49"]
[EventDate "2008.11.01"]
[EventType "swiss"]
[EventRounds "9"]
[EventCountry "GER"]
[SourceTitle "EXT 2009"]
[Source "ChessBase"]
[SourceDate "2008.11.26"]
[SourceVersion "1"]
[SourceVersionDate "2008.11.26"]
[SourceQuality "1"]

1. e4 c6 2. d4 d5 3. e5 c5 4. Nf3 Bg4 5. dxc5 Nc6 6. Bb5 a6 7. Bxc6+ bxc6 8. c3 Bxf3 9. Qxf3 e6 10. b4 a5 11. a3 Ne7 12. 0-0 Ng6 13. Re1 Qb8 14. Bf4 Qb5 15. Nd2 Be7 16. Bg3 0-0 17. Qe3 Rfb8 18. Nb3 Bd8 19. Nd4 Qb7 20. f4 Qd7 21. f5 Nf8 22. f6 gxf6 23. exf6 Bxf6 24. Bxb8 Rxb8 25. Qg3+ 1-0

[Event "Seefeld op 19th"]
[Site "Seefeld"]
[Date "2008.09.10"]
[Round "6"]
[White "Schulze, Joachim"]
[Black "Oettinger, Hagen"]
[Result "1-0"]
[WhiteElo "2027"]
[BlackElo "2108"]
[PlyCount "111"]
[EventDate "2008.09.05"]
[EventType "swiss"]
[EventRounds "9"]
[EventCountry "AUT"]
[SourceTitle "EXT 2010"]
[Source "ChessBase"]
[SourceDate "2010.11.25"]
[SourceVersion "1"]
[SourceVersionDate "2010.11.25"]
[SourceQuality "1"]

1. e4 Nf6 2. Nc3 d5 3. exd5 Nxd5 4. Bc4 Nxc3 5. Qf3 e6 6. Qxc3 Qf6 7. Qxf6 gxf6 8. d4 Nc6 9. c3 Bd6 10. Be3 Bd7 11. 0-0-0 0-0-0 12. Ne2 Rhg8 13. g3 Ne7 14. Rhe1 Bc6 15. Nf4 Bxf4 16. Bxf4 h5 17. h4 Bf3 18. Be2 Bxe2 19. Rxe2 Nd5 20. Bd2 b5 21. Rde1 Rd6 22. b3 Kd7 23. Kb2 Ra6 24. Ra1 f5 25. a4 bxa4 26. Rxa4 Rxa4 27. bxa4 Rb8+ 28. Ka3 Rb1 29. Re1 Rxe1 30. Bxe1 f4 31. Kb3 fxg3 32. fxg3 Kc6 33. c4 Nb6 34. a5 Nc8 35. Kc3 Kd6 36. Kd3 a6 37. Bb4+ Kd7 38. Ke4 f6 39. d5 Nd6+ 40. Bxd6 Kxd6 41. dxe6 Kxe6 42. Kf4 f5 43. Kg5 Ke5 44. Kxh5 Kf6 45. g4 f4 46. g5+ Ke5 47. g6 f3 48. g7 f2 49. g8Q f1Q 50. Qd5+ Kf6 51. Qd8+ Ke6 52. Qe8+ Kd6 53. Qe4 Qa1 54. Kg6 Qh8 55. Qd5+ Ke7 56. Qf7+ 1-0

[Event "Seefeld op 18th"]
[Site "Seefeld"]
[Date "2007.09.09"]
[Round "9"]
[White "Stuch, Hans Ferdinand"]
[Black "Schulze, Joachim"]
[Result "0-1"]
[WhiteElo "1602"]
[BlackElo "1996"]
[PlyCount "64"]
[EventDate "2007.09.01"]
[EventType "swiss"]
[EventRounds "9"]
[EventCountry "AUT"]
[SourceTitle "EXT 2009"]
[Source "ChessBase"]
[SourceDate "2008.11.26"]
[SourceVersion "1"]
[SourceVersionDate "2008.11.26"]
[SourceQuality "1"]

1. d4 Nf6 2. Nf3 g6 3. Bg5 Bg7 4. e3 0-0 5. Bd3 d6 6. e4 c6 7. 0-0 h6 8. Bf4 Nh5 9. Be3 Qc7 10. c3 e5 11. Re1 Be6 12. Na3 Nd7 13. Rc1 Ndf6 14. h3 Nf4 15. Bb1 Nh7 16. c4 Qe7 17. Kh2 g5 18. d5 Bd7 19. c5 cxd5 20. cxd6 Qe6 21. exd5 Nxd5 22. Bxh7+ Kxh7 23. Bxg5 e4 24. Nd4 Qxd6+ 25. Kg1 hxg5 26. Qh5+ Qh6 27. Qd1 Rad8 28. Rxe4 f5 29. Re1 Nf4 30. Nac2 Bc6 31. Nxf5 Rxd1 32. Nxh6 Rxc1 0-1

[Event "Seefeld op 18th"]
[Site "Seefeld"]
[Date "2007.09.06"]
[Round "6"]
[White "Schulze, Joachim"]
[Black "Klein, Reinhard"]
[Result "1-0"]
[WhiteElo "1996"]
[BlackElo "1870"]
[PlyCount "119"]
[EventDate "2007.09.01"]
[EventType "swiss"]
[EventRounds "9"]
[EventCountry "AUT"]
[SourceTitle "EXT 2009"]
[Source "ChessBase"]
[SourceDate "2008.11.26"]
[SourceVersion "1"]
[SourceVersionDate "2008.11.26"]
[SourceQuality "1"]

1. e4 c5 2. Nf3 Nc6 3. d4 cxd4 4. Nxd4 g6 5. Nc3 Bg7 6. Be3 Nf6 7. Be2 0-0 8. 0-0 d5 9. exd5 Nxd5 10. Nxd5 Qxd5 11. Bf3 Qd7 12. Nxc6 bxc6 13. Qxd7 Bxd7 14. Rad1 Bf5 15. c3 Rfc8 16. Bc5 Rc7 17. Rd2 Bh6 18. Rd4 e5 19. Rb4 Rd8 20. Re1 f6 21. h4 Be6 22. Ra4 Bf8 23. Be3 c5 24. c4 Rb8 25. b3 Rb6 26. Rd1 Rd6 27. Rxd6 Bxd6 28. Ra6 Rd7 29. Bc6 Rd8 30. Rxa7 Bf8 31. Bf3 f5 32. Rc7 e4 33. Be2 Rc8 34. Rxc8 Bxc8 35. f3 Bb7 36. Kf2 Bd6 37. g3 Kf7 38. Bd2 Ke6 39. Be1 Be5 40. f4 Bd4+ 41. Kf1 h5 42. Ba5 Kd6 43. Bb6 Bc3 44. Bd1 Bb4 45. Bd8 Ke6 46. Ke2 Bc6 47. Bc7 Bc3 48. Be5 Bxe5 49. fxe5 Kxe5 50. Ke3 Kd6 51. a3 Kc7 52. b4 cxb4 53. axb4 Kd6 54. Kd4 Bd7 55. Be2 Ba4 56. b5 Bc2 57. c5+ Kc7 58. b6+ Kb8 59. c6 e3 60. Ba6 1-0

[Event "Seefeld op 17th"]
[Site "Seefeld"]
[Date "2006.09.27"]
[Round "5"]
[White "Schulze, Joachim"]
[Black "Aufmwasser, Guenter"]
[Result "1-0"]
[WhiteElo "2010"]
[BlackElo "1909"]
[PlyCount "107"]
[EventDate "2006.09.23"]
[EventType "swiss"]
[EventRounds "9"]
[EventCountry "AUT"]
[SourceTitle "EXT 2009"]
[Source "ChessBase"]
[SourceDate "2008.11.26"]
[SourceVersion "1"]
[SourceVersionDate "2008.11.26"]
[SourceQuality "1"]

1. e4 c5 2. Nf3 Nc6 3. d4 cxd4 4. Nxd4 e5 5. Nb5 a6 6. Nd6+ Bxd6 7. Qxd6 Qe7 8. Qd1 Nf6 9. Nc3 Qb4 10. a3 Qd4 11. Be3 Qxd1+ 12. Rxd1 0-0 13. f3 Re8 14. Bg5 Ne7 15. Rd6 b5 16. Bxf6 gxf6 17. Rxf6 Bb7 18. Rd6 Red8 19. Be2 Nc8 20. Rd2 Nb6 21. 0-0 Rac8 22. Rfd1 Rc7 23. Na2 Rc5 24. Nb4 Rc7 25. c3 Kf8 26. Kf2 Ke7 27. Rd6 Nc8 28. Rh6 Rh8 29. Nxa6 Rc6 30. Rxc6 Bxc6 31. Nc7 Nd6 32. Nd5+ Ke6 33. Nc7+ Ke7 34. Nd5+ Ke6 35. Nb4 Nc4 36. Rb1 Bb7 37. g3 Rd8 38. Bf1 Nd2 39. Bh3+ Ke7 40. Rd1 Nc4 41. Nd5+ Bxd5 42. Rxd5 b4 43. axb4 Nxb2 44. Rxe5+ Kf6 45. Rd5 Ke7 46. Ke3 d6 47. Bf1 Rc8 48. Kd4 Na4 49. c4 f6 50. Ra5 Nb6 51. Ra7+ Kf8 52. Rb7 Na8 53. Rxh7 Kg8 54. Rd7 1-0

[Event "Seefeld op 17th"]
[Site "Seefeld"]
[Date "2006.09.23"]
[Round "1"]
[White "Schulze, Joachim"]
[Black "Van der Weide, Karel"]
[Result "0-1"]
[WhiteElo "2010"]
[BlackElo "2443"]
[PlyCount "100"]
[EventDate "2006.09.23"]
[EventType "swiss"]
[EventRounds "9"]
[EventCountry "AUT"]
[SourceTitle "EXT 2009"]
[Source "ChessBase"]
[SourceDate "2008.11.26"]
[SourceVersion "1"]
[SourceVersionDate "2008.11.26"]
[SourceQuality "1"]

1. e4 c5 2. Nf3 d6 3. d4 cxd4 4. Nxd4 Nf6 5. Nc3 a6 6. Be2 e5 7. Nb3 Be6 8. Be3 Nbd7 9. 0-0 Be7 10. f3 0-0 11. Kh1 b5 12. Qd2 Qc7 13. Rfd1 Rfc8 14. a3 Nb6 15. Bxb6 Qxb6 16. Nd5 Bxd5 17. exd5 Ra7 18. Bd3 g6 19. Be4 Rc4 20. Re1 Nh5 21. g3 a5 22. Bd3 Rc8 23. Qe2 a4 24. Nd2 Nf6 25. Bxb5 Rxc2 26. Nc4 Rxe2 27. Nxb6 Rxe1+ 28. Rxe1 Rb7 29. Nc8 Rxb5 30. Nxe7+ Kf8 31. Nc8 Rxd5 32. Rc1 e4 33. fxe4 Nxe4 34. Rc4 Rd1+ 35. Kg2 Rd2+ 36. Kf3 d5 37. Rxa4 Rxb2 38. Ra8 Kg7 39. Ne7 Rf2+ 40. Ke3 Rxh2 41. Nxd5 Nxg3 42. a4 Nf5+ 43. Kf3 Ra2 44. a5 h5 45. a6 h4 46. Nb4 Ra3+ 47. Kg2 h3+ 48. Kh2 Nh6 49. Nc2 Ng4+ 50. Kg1 Rg3+ 0-1

[Event "Hamburg Junge op"]
[Site "Hamburg"]
[Date "2005.10.06"]
[Round "6"]
[White "Schulze, Joachim"]
[Black "Dunne, Paul"]
[Result "0-1"]
[WhiteElo "2030"]
[BlackElo "1852"]
[PlyCount "88"]
[EventDate "2005.10.01"]
[EventType "swiss"]
[EventRounds "9"]
[EventCountry "GER"]
[SourceTitle "CBM 108 Extra"]
[Source "ChessBase"]
[SourceDate "2005.11.04"]
[SourceVersion "1"]
[SourceVersionDate "2005.11.04"]
[SourceQuality "1"]

1. e4 e5 2. Nf3 Nc6 3. Bb5 a6 4. Ba4 Nf6 5. 0-0 Nxe4 6. d4 b5 7. Bb3 d5 8. dxe5 Be6 9. a4 b4 10. c3 Bc5 11. cxb4 Nxb4 12. Nd4 Qh4 13. Be3 0-0 14. f3 Ng5 15. Bf2 Bxd4 16. Qxd4 Qxd4 17. Bxd4 h6 18. Bc5 Rfb8 19. Nd2 Nd3 20. Ba3 c5 21. h4 Nh7 22. Bc2 Nxe5 23. Rae1 Nc4 24. Nxc4 dxc4 25. Be4 Ra7 26. Bxc5 Rd7 27. Ba3 Nf6 28. Bc2 Nd5 29. f4 Nb4 30. Bxb4 Rxb4 31. f5 Bd5 32. Re8+ Kh7 33. f6+ g6 34. h5 Rxb2 35. hxg6+ fxg6 36. Re7+ Rxe7 37. fxe7 Rxc2 38. Re1 Bf7 39. Re6 c3 40. Rxa6 Re2 41. Ra7 c2 42. e8Q Rxe8 43. Rxf7+ Kg8 44. Rc7 Re1+ 0-1

[Event "Hamburg Junge op"]
[Site "Hamburg"]
[Date "2005.10.01"]
[Round "1"]
[White "Caruana, Fabiano"]
[Black "Schulze, Joachim"]
[Result "1-0"]
[WhiteElo "2373"]
[BlackElo "2030"]
[PlyCount "75"]
[EventDate "2005.10.01"]
[EventType "swiss"]
[EventRounds "9"]
[EventCountry "GER"]
[SourceTitle "CBM 108 Extra"]
[Source "ChessBase"]
[SourceDate "2005.11.04"]
[SourceVersion "1"]
[SourceVersionDate "2005.11.04"]
[SourceQuality "1"]

1. e4 c6 2. d4 d5 3. Nd2 dxe4 4. Nxe4 Bf5 5. Ng3 Bg6 6. Nf3 Nd7 7. h4 h6 8. h5 Bh7 9. Bd3 Bxd3 10. Qxd3 Ngf6 11. Bf4 Qa5+ 12. Bd2 Qc7 13. 0-0-0 e6 14. Qe2 0-0-0 15. Ne5 Nb6 16. Ba5 Bd6 17. Rhe1 Qe7 18. f4 Bc7 19. Qf3 Rd5 20. Bxb6 Bxb6 21. c3 Ra5 22. Kb1 Rd8 23. Rd2 Nd7 24. Nc4 Rd5 25. Rde2 Bc7 26. Nf1 Nb6 27. Nxb6+ axb6 28. Ne3 Rb5 29. g4 Qf6 30. Rf1 g6 31. hxg6 Qxg6+ 32. f5 exf5 33. Nxf5 Kb8 34. Ka1 Ka7 35. Re7 Bb8 36. Qd1 Ra5 37. Qb3 Qxg4 38. Qxf7 1-0

[Event "Groningen op-A"]
[Site "Groningen"]
[Date "2004.12.23"]
[Round "3"]
[White "Pel, Bonno"]
[Black "Schulze, Joachim"]
[Result "1-0"]
[WhiteElo "2278"]
[BlackElo "2046"]
[PlyCount "53"]
[EventDate "2004.12.21"]
[EventType "swiss"]
[EventRounds "9"]
[EventCountry "NED"]
[SourceTitle "CBM 104 Extra"]
[Source "ChessBase"]
[SourceDate "2005.03.01"]
[SourceVersion "1"]
[SourceVersionDate "2005.03.01"]
[SourceQuality "1"]

1. Nc3 Nf6 2. e4 d6 3. d4 g6 4. f3 Bg7 5. Be3 0-0 6. Qd2 c6 7. 0-0-0 b5 8. Kb1 a5 9. Bh6 a4 10. Bxg7 Kxg7 11. e5 Ng8 12. exd6 Qxd6 13. Ne4 Qd5 14. Ne2 Nf6 15. Nf4 Qd8 16. Nxf6 exf6 17. h4 h5 18. Be2 f5 19. Rdg1 c5 20. d5 b4 21. g4 hxg4 22. fxg4 b3 23. Qc3+ Kh7 24. g5 Qa5 25. Qxa5 Rxa5 26. h5 bxa2+ 27. Kxa2 1-0